000 00427nam a2200169Ia 4500
008 230524s9999 xx 000 0 und d
020 _a0079602179
082 _a338.6
_bPRA
100 _aPradeep N.Khandwella
245 0 _aOrganisational Design for Excellence
250 _a1ST
260 _aNEW DELHI
_bTMH
_c2003
300 _aX;317
500 _aQuantity Number: 7
650 _aOrganisational Behaviour
942 _cBK
999 _c19702
_d19702